000
00277nam a22000977a 4500
005
20250901165606.0
008
231215b |||||||| |||| 00| 0 eng d
050
_a
HM586.K46 2010
245
_a
SOCIOLOGY IN OUR TIMES
_c
Kendall, Diana
942
_2
lcc
_h
HM586.K46 2010
999
_c
6356
_d
6356